Inorganic chemistry : (Record no. 153362)

MARC details
000 -LEADER
fixed length control field 00859nam a22002297a 4500
005 - DATE AND TIME OF LATEST TRANSACTION
control field 20180704143853.0
010 ## - LCCN (DPL NO)
LC control number ENG-123374-75
020 ## - INTERNATIONAL STANDARD BOOK NUMBER
Terms of availability 375.00
International Standard Book Number 10HE000049 (vol. 1)
020 ## - INTERNATIONAL STANDARD BOOK NUMBER
Terms of availability 375.00
International Standard Book Number 10HE000050 (vol. 2)
035 ## - SYSTEM CONTROL NUMBER
System control number EN-106906-07
037 ## - SOURCE OF ACQUISITION
Source of stock number/acquisition DBAD/PUB
082 ## - DEWEY DECIMAL CLASSIFICATION NUMBER
Classification number 546
100 ## - MAIN ENTRY--PERSONAL NAME
Personal name Rao, K Rama
245 00 - TITLE STATEMENT
Title Inorganic chemistry :
Statement of responsibility, etc by K Rama Rao
Remainder of title for JEE main & advanced /
250 ## - EDITION STATEMENT
Edition statement Revised edition
260 ## - PUBLICATION, DISTRIBUTION, ETC. (IMPRINT)
Place of publication, distribution, etc New Delhi
Name of publisher, distributor, etc S. Chand and Company
Date of publication, distribution, etc 2018
270 ## - ADDRESS
Address 7361, Ram Nagar,
City New Delhi
Postal code 110055
300 ## - PHYSICAL DESCRIPTION
Extent 2 vols. (various paging)
Dimensions 27cm(pbk)
Other physical details ill.
500 ## - GENERAL NOTE
General note It includes JEE Main 2017 paper, with solution, JEE advanced 2017 paper 1 with Solution, JEE advanced 2017 paper 2 with Solution,
505 ## - FORMATTED CONTENTS NOTE
Formatted contents note Vol. 1 - Part -1 and Part-2 <br/>Vol. 2 - Appendices
942 ## - ADDED ENTRY ELEMENTS (KOHA)
Source of classification or shelving scheme Dewey Decimal Classification
Item type English Books
Call number suffix RAO
Classification part 546
Holdings
Withdrawn status Lost status Materials specified (bound volume or other part) Not for loan Collection code Home library Current library Date acquired Source of acquisition Cost, normal purchase price Full call number Barcode Copy number Cost, replacement price Koha item type
    vol.1 Not For Loan Non-fiction D.B.Act.Division Central Library 04/07/2018 DBAD/PUB 375.00 546 RAO EN-106906 1 375.00 English Books
    vol.2 Not For Loan Non-fiction D.B.Act.Division Central Library 04/07/2018 DBAD/PUB 375.00 546 RAO EN-106907 1 375.00 English Books

© Delhi Public Library
Hit Counter
free hit counter